Score 0/20 Timer 03:00
0 Plays Today
Hint 4-letter Word % Correct
Two-wheeled transportationBIKE
98.4%
Liver fluidBILE
96.4%
Genie's giftWISH
94.9%
Kitchen or bathroom fixtureSINK
94.5%
June 20: [Rung 1] ____ a [Rung 20] Day
OR 'Cloudy ____ a Chance of Meatballs'
🌲WITH🌳
94.1%
Flamingo or grapefruit adjectivePINK
93.5%
Common trigonometric functionSINE
92.1%
June 20: ___ [Rung 11] a [Rung 20] Day
OR Walk through the woods
🚶HIKE🚶
90.7%
LocationSITE
90%
Darth Jedi followersSITH
89.6%
Hint 4-letter Word % Correct
Take a quick lookPEEK
89.2%
DecidePICK
83.6%
June 20: [Rung 1] [Rung 11] a ____ Day
OR Nerd
🤓GEEK🤓
81%
Equivalent of 16 dry pintsPECK
80.6%
Relax and enjoy the sunBASK
77.6%
GossipDISH
75.8%
'The Incredibles' sonDASH
72.8%
Withold money without reasonBILK
72.2%
HesitateBALK
71.4%
RagerBASH
70.4%

Today's Daily Dose

Word Ladder
Don't Stop

Get the Picture
Ginny or Prim

Remove Ads.
Support Sporcle.
Get the best of Sporcle when you Go Orange. This ad-free experience offers more features, more stats, and more fun while also helping to support Sporcle. Thank you for becoming a member.

You're not logged in!

Compare scores with friends on all Sporcle quizzes.
OR
Log In

Sporcle TV

Today on Sporcle TV


Watch our educational content, quiz creation guides, and fun videos on Sporcle TV.

Show Comments

Extras

Top Quizzes Today


Score Distribution

Paid Content

Your Account Isn't Verified!

In order to create a playlist on Sporcle, you need to verify the email address you used during registration. Go to your Sporcle Settings to finish the process.

Report this User

Report this user for behavior that violates our Community Guidelines.

Details: